[Event "1. GMB"]
[Site "?"]
[Date "1998.12.22"]
[Round "8"]
[White "McNab Colin A"]
[Black "Hermansson Emil"]
[Result "1-0"]
[WhiteElo "2445"]
[BlackElo "2340"]
[PlyCount "53"]
[EventDate "1998.??.??"]
[Source "www.chesslib.no"]
[SourceDate "2004.05.04"]

1. c4 Nf6 2. g3 c6 3. Nf3 d5 4. b3 Bg4 5. Bg2 e6 6. Bb2 Nbd7 7. O-O Be7 8. d3 O-O 9. Nbd2 a5 10. a3 Qc7 11. Rc1 Rfe8 12. Rc2 Bd6 13. Qa1 Qd8 14. e4 dxe4 15. Nxe4 Nxe4 16. dxe4 e5 17. Rd2 Bxf3 18. Bxf3 Bc5 19. Qd1 Bd4 20. Bxd4 exd4 21. Rxd4 Ne5 22. Rxd8 Rexd8 23. Qe2 Rd2 24. Qe3 Rd3 25. Qb6 Nxf3+ 26. Kg2 Rad8 27. Qxa5 1-0

[Event "Bardejov"]
[Site "Bardejov"]
[Date "1991.??.??"]
[Round "?"]
[White "Drazic, Sinisa"]
[Black "Lazic, Miroljub"]
[Result "1/2-1/2"]
[WhiteElo "2375"]
[BlackElo "2400"]
[PlyCount "60"]
[EventDate "1991.10.??"]
[Source "www.chesslib.no"]
[SourceDate "2004.05.04"]

1. c4 Nf6 2. Nf3 c6 3. g3 d5 4. b3 Bg4 5. Bg2 e6 6. O-O Nbd7 7. Bb2 Bd6 8. d3 O-O 9. Nbd2 Qe7 10. a3 a5 11. Re1 Rfe8 12. h3 Bh5 13. Qc2 e5 14. Nh4 Bg6 15. e3 e4 16. cxd5 cxd5 17. Bxf6 Nxf6 18. dxe4 Rac8 19. Qb1 Bxe4 20. Nxe4 Nxe4 21. Nf5 Qf6 22. Bxe4 dxe4 23. Nxd6 Qxd6 24. b4 a4 25. Qd1 Qe6 26. Kg2 b5 27. Qe2 Qf5 28. Rac1 Red8 29. Red1 Rxd1 30. Rxc8+ Qxc8 1/2-1/2

[Event "BL2-West 0001"]
[Site "Germany"]
[Date "2001.02.18"]
[Round "6.4"]
[White "Bosboom, Manuel"]
[Black "Schlecht, Daniel"]
[Result "1-0"]
[WhiteElo "2455"]
[BlackElo "2315"]
[PlyCount "45"]
[EventDate "2000.10.15"]
[Source "ChessBase"]
[SourceDate "2001.07.03"]

1. c4 c6 2. Nf3 d5 3. b3 Nf6 4. g3 Bg4 5. Bg2 e6 6. O-O Nbd7 7. d3 Bd6 8. Nbd2 O-O 9. Bb2 a5 10. a3 Re8 11. h3 Bh5 12. Qc2 e5 13. e3 Qe7 14. Nh4 Bc5 15. Ndf3 Qf8 16. cxd5 Nxd5 17. Rfe1 f6 18. d4 exd4 19. Nxd4 Rad8 20. Be4 g6 21. g4 f5 22. Bxd5+ cxd5 23. gxh5 1-0

[Event "Cup Baltic (corr.)"]
[Site "corr."]
[Date "1986.??.??"]
[Round "?"]
[White "Sorensen, Bent"]
[Black "Sher, Miron N"]
[Result "1-0"]
[WhiteElo "2285"]
[BlackElo "2485"]
[PlyCount "67"]
[EventDate "1986.??.??"]
[Source "www.chesslib.no"]
[SourceDate "2004.05.04"]

1. c4 Nf6 2. g3 c6 3. Nf3 d5 4. b3 Bg4 5. Bg2 Nbd7 6. Bb2 e6 7. O-O Bd6 8. d3 O-O 9. Nbd2 a5 10. a3 e5 11. h3 Bh5 12. Qc2 d4 13. Rfe1 Re8 14. e3 dxe3 15. Rxe3 Qc7 16. Rae1 Bg6 17. Nh4 Bc5 18. R3e2 Bh5 19. Ndf3 e4 20. dxe4 Bxf3 21. Nxf3 Qxg3 22. b4 Ba7 23. e5 Nh5 24. c5 Qg6 25. Qc4 Nf8 26. Qh4 Ne6 27. Re4 Qf5 28. Nd4 Nxd4 29. Bxd4 g6 30. Bf1 Ng7 31. e6 Rxe6 32. Re5 g5 33. Qg3 Qf4 34. Qc3 1-0

[Event "Oakham"]
[Site "Oakham"]
[Date "1992.??.??"]
[Round "5"]
[White "Webster, Andrew"]
[Black "Chabanon, Jean Luc"]
[Result "1/2-1/2"]
[WhiteElo "2350"]
[BlackElo "2410"]
[PlyCount "54"]
[EventDate "1992.03.??"]
[Source "ChessBase"]

1. c4 Nf6 2. g3 c6 3. Nf3 d5 4. b3 Bg4 5. Bg2 e6 6. O-O Bd6 7. d4 Nbd7 8. Ba3 Bxa3 9. Nxa3 Qe7 10. Qc1 O-O 11. Qb2 Bxf3 12. Bxf3 Rfd8 13. Rac1 e5 14. cxd5 cxd5 15. dxe5 Qxe5 16. Qxe5 Nxe5 17. Bg2 Rac8 18. Nb5 a6 19. Nd6 Rb8 20. Nf5 g6 21. Nd4 Rd6 22. Rc7 Nc6 23. Nxc6 Rxc6 24. Rxc6 bxc6 25. Rc1 Rb6 26. Re1 Rb4 27. Rc1 Rb6 1/2-1/2

[Event "Staufer op 11th"]
[Site "Schwaebisch Gmuend"]
[Date "1999.??.??"]
[Round "7"]
[White "Duppel, Matthias"]
[Black "Zeller, Frank"]
[Result "1-0"]
[WhiteElo "2310"]
[BlackElo "2445"]
[PlyCount "93"]
[EventDate "1999.01.02"]
[Source "ChessBase"]
[SourceDate "1999.03.01"]

1. c4 Nf6 2. g3 c6 3. Nf3 d5 4. b3 Bg4 5. Bg2 Nbd7 6. Bb2 e6 7. O-O Bd6 8. d3 O-O 9. h3 Bh5 10. Nbd2 Qb6 11. Rc1 a5 12. d4 Be7 13. a3 Rad8 14. g4 Bg6 15. Nh4 Rfe8 16. Nxg6 hxg6 17. e3 Bf8 18. g5 Nh7 19. h4 Qa6 20. Re1 b5 21. cxd5 cxd5 22. Bf1 Qb7 23. f4 Rc8 24. Bd3 Rxc1 25. Bxc1 Nb8 26. h5 Bd6 27. hxg6 Nf8 28. gxf7+ Qxf7 29. Bb2 b4 30. a4 Bxf4 31. exf4 Qxf4 32. Nf3 Qg3+ 33. Kh1 Re7 34. Qe2 g6 35. Qg2 Rh7+ 36. Kg1 Qf4 37. Bc1 Qc7 38. Bd2 Nc6 39. Rc1 Qb6 40. Qf2 Rf7 41. Be3 Kg7 42. Kg2 e5 43. dxe5 Qb7 44. Qh4 Rxf3 45. Kxf3 d4 46. Qh6+ Kf7 47. Bc4+ 1-0

[Event "Hungary HUN"]
[Site "?"]
[Date "2006.04.09"]
[Round "10"]
[White "Haag Ervin"]
[Black "Videki Sandor"]
[Result "1/2-1/2"]
[WhiteElo "2330"]
[BlackElo "2414"]
[PlyCount "104"]
[EventDate "2006.??.??"]
[Source "www.chesslib.no"]
[SourceDate "2004.05.04"]

1. c4 Nf6 2. g3 c6 3. Nf3 d5 4. b3 Bg4 5. Bb2 Bxf3 6. exf3 g6 7. cxd5 Qxd5 8. Bc4 Qd7 9. O-O Bg7 10. Re1 O-O 11. Na3 Rd8 12. d4 Ne8 13. Qe2 e6 14. Rad1 a5 15. Bd3 b5 16. Be4 Na6 17. h4 Nb4 18. Bb1 Nd5 19. Nc2 Qc7 20. f4 Qb6 21. h5 Ne7 22. hxg6 hxg6 23. Rd3 Ra7 24. Red1 Rad7 25. Ne3 Nf5 26. Nxf5 exf5 27. g4 fxg4 28. f5 gxf5 29. Re3 Nd6 30. d5 Bxb2 31. Qxb2 Re8 32. dxc6 Qxc6 33. Qf6 Rxe3 34. Qg5+ Kf8 35. Qh6+ Ke8 36. Qxe3+ Ne4 37. Rc1 Qe6 38. Bd3 Nd6 39. Qf4 Qf6 40. Rc5 Re7 41. Kg2 Kf8 42. Rd5 Re6 43. Bxb5 Qh4 44. Qg3 Qh6 45. Qh2 Qxh2+ 46. Kxh2 f4 47. Bd3 Ne4 48. Bxe4 Rxe4 49. Rxa5 Re2 50. Kg1 Re7 51. Kh2 f3 52. Rg5 Re2 1/2-1/2

[Event "Decin"]
[Site "Decin"]
[Date "1977.??.??"]
[Round "?"]
[White "Banas, Jan"]
[Black "Lechtynsky, Jiri"]
[Result "1/2-1/2"]
[WhiteElo "2355"]
[BlackElo "2385"]
[PlyCount "31"]
[EventDate "1977.07.??"]
[Source "www.chesslib.no"]
[SourceDate "2004.05.04"]

1. Nf3 Nf6 2. g3 c6 3. c4 d5 4. b3 Bg4 5. Bg2 Nbd7 6. Bb2 e6 7. O-O Bc5 8. d3 Qe7 9. Nbd2 O-O 10. Qc2 e5 11. e4 dxe4 12. dxe4 Ba3 13. Bc3 a5 14. h3 Bxf3 15. Nxf3 Bb4 16. Nh4 1/2-1/2

[Event "It (Open) Vienna AUT"]
[Site "?"]
[Date "2003.??.??"]
[Round "3"]
[White "Stuhlik Marko"]
[Black "Lendwai Reinhard"]
[Result "0-1"]
[WhiteElo "2285"]
[BlackElo "2440"]
[PlyCount "46"]
[EventDate "2003.??.??"]
[Source "www.chesslib.no"]
[SourceDate "2004.05.04"]

1. c4 Nf6 2. g3 c6 3. Nf3 d5 4. b3 Bg4 5. Ne5 Bf5 6. Bb2 Nbd7 7. Bg2 Nxe5 8. Bxe5 Be4 9. f3 Bg6 10. O-O e6 11. d4 Be7 12. Nd2 Ba3 13. e4 dxe4 14. d5 Bc5+ 15. Kh1 cxd5 16. Bxf6 gxf6 17. cxd5 Qxd5 18. fxe4 Qd4 19. b4 Be7 20. e5 fxe5 21. Bxb7 Rd8 22. Qa4+ Kf8 23. Nf3 Qb6 0-1

[Event "Zetters"]
[Site "Birmingham"]
[Date "1975.03.30"]
[Round "4"]
[White "Webb, Simon"]
[Black "Cafferty, Bernard"]
[Result "1/2-1/2"]
[WhiteElo "2385"]
[BlackElo "2335"]
[PlyCount "89"]
[EventDate "1975.03.27"]
[Source "www.chesslib.no"]
[SourceDate "2004.05.04"]

1. Nf3 Nf6 2. g3 d5 3. c4 c6 4. b3 Bg4 5. Bg2 e6 6. O-O Nbd7 7. Bb2 Be7 8. d3 O-O 9. Nbd2 Bh5 10. Qc2 Qc7 11. cxd5 exd5 12. a3 a5 13. h3 Rfe8 14. Nd4 Bc5 15. e4 Bg6 16. Rae1 Qd6 17. Qc3 Bxa3 18. Bxa3 Qxa3 19. f4 Qc5 20. Qxc5 Nxc5 21. f5 Bh5 22. g4 Bxg4 23. hxg4 Nxd3 24. Re3 Nc5 25. g5 Nfxe4 26. Bxe4 Nxe4 27. Nxe4 dxe4 28. Rfe1 h6 29. gxh6 gxh6 30. Rg3+ Kh7 31. Kf2 Rg8 32. Rxg8 Rxg8 33. Rxe4 Rd8 34. Ke3 Kg7 35. Kf4 Rd5 36. Ne2 Rb5 37. Ng3 Rxb3 38. Re8 Rb4+ 39. Ne4 Rd4 40. f6+ Kh7 41. Re7 Kg6 42. Rxb7 Rd1 43. Rb8 Rf1+ 44. Ke3 Re1+ 45. Kf4 1/2-1/2

[Event "Goodricke 11th op"]
[Site "Calcutta"]
[Date "2000.02.15"]
[Round "10"]
[White "Webster, Andrew"]
[Black "Shetty, Rahul"]
[Result "0-1"]
[WhiteElo "2401"]
[BlackElo "2307"]
[PlyCount "100"]
[EventDate "2000.02.05"]
[Source "ChessBase"]
[SourceDate "2000.03.10"]

1. c4 Nf6 2. g3 c6 3. Nf3 d5 4. b3 Bg4 5. Bg2 e6 6. O-O Bd6 7. Bb2 O-O 8. d4 Nbd7 9. Ne5 Bh5 10. Nd2 a5 11. a3 Re8 12. Re1 Rc8 13. Qb1 Bb8 14. Nxd7 Qxd7 15. b4 axb4 16. axb4 b5 17. cxb5 cxb5 18. Nb3 Bg6 19. Qa2 Rc4 20. Nc5 Qc6 21. Qb3 Nd7 22. Ra6 Nxc5 23. Qxc4 Qxa6 24. Qxc5 Bd6 25. Qc3 Qa4 26. Qc6 Rd8 27. Qb6 Be7 28. Bc3 Qc2 29. Qc7 Rf8 30. Qxe7 Qxc3 31. Rd1 Bc2 32. Rc1 Qb2 33. Qg5 Qxd4 34. Bf1 h6 35. Qe7 Qb2 36. Re1 Qc3 37. Rc1 Qb2 38. Re1 Bb3 39. e4 Qc3 40. Re3 Qc2 41. Bd3 Qd1+ 42. Kg2 d4 43. Be2 Qc2 44. Bd3 Qd2 45. Rf3 Bd1 46. Bxb5 Bxf3+ 47. Kxf3 d3 48. Qd7 Qe2+ 49. Kf4 Qxf2+ 50. Ke5 Qf6+ 0-1

[Event "HUN Team Ch 0102"]
[Site "?"]
[Date "2002.02.10"]
[Round "7"]
[White "Grunberg Sergiu-Florin"]
[Black "Orso Miklos"]
[Result "1/2-1/2"]
[WhiteElo "2339"]
[BlackElo "2359"]
[PlyCount "48"]
[EventDate "2002.??.??"]
[Source "www.chesslib.no"]
[SourceDate "2004.05.04"]

1. Nf3 d5 2. c4 c6 3. b3 Nf6 4. g3 Bg4 5. Bg2 Nbd7 6. O-O e6 7. Bb2 Be7 8. d3 O-O 9. Nbd2 a5 10. a3 Qb8 11. Rc1 Rc8 12. h3 Bh5 13. Qc2 b5 14. e4 b4 15. a4 dxe4 16. dxe4 Bxf3 17. Nxf3 e5 18. Rfd1 Bc5 19. h4 Re8 20. Bh3 Qc7 21. Rd2 Nf8 22. Rcd1 Re7 23. Kf1 Ne8 24. Ne1 Nf6 1/2-1/2

[Event "Open, Batumi GEO"]
[Site "?"]
[Date "2001.??.??"]
[Round "4"]
[White "Mgeladze, T."]
[Black "Hachatrian, V."]
[Result "1-0"]
[WhiteElo "2285"]
[BlackElo "2410"]
[PlyCount "59"]
[EventDate "2001.??.??"]
[Source "www.chesslib.no"]
[SourceDate "2004.05.04"]

1. c4 Nf6 2. g3 c6 3. Nf3 d5 4. b3 Bg4 5. Bg2 e6 6. Bb2 Bd6 7. O-O Nbd7 8. d3 O-O 9. Nbd2 e5 10. h3 Bh5 11. Qc2 Qe7 12. a3 a5 13. e3 Nc5 14. cxd5 cxd5 15. Bxe5 Bg6 16. Qc3 Nxd3 17. Bxf6 gxf6 18. Nh4 Nc5 19. Nxg6 hxg6 20. Bxd5 Be5 21. Qc2 Bxa1 22. Qxg6+ Kh8 23. Qh6+ Kg8 24. Qg6+ Kh8 25. Qh5+ Kg7 26. Qg4+ Kh8 27. Nf3 Be5 28. Qh5+ Kg8 29. Nh4 Rfd8 30. Ng6 1-0

[Event "Ch-Acce"]
[Site "Chambery Ch-Acce"]
[Date "1994.??.??"]
[Round "4"]
[White "Manouck, Thierry"]
[Black "Boudre, Jean-Pierre"]
[Result "1-0"]
[WhiteElo "2290"]
[BlackElo "2400"]
[PlyCount "111"]
[EventDate "1994.??.??"]
[Source "www.chesslib.no"]
[SourceDate "2004.05.04"]

1. c4 Nf6 2. g3 c6 3. Nf3 d5 4. b3 Bg4 5. Bg2 Nbd7 6. O-O e6 7. d3 Qb8 8. Na3 Bd6 9. Nc2 O-O 10. Bb2 h6 11. Qd2 Rd8 12. cxd5 exd5 13. b4 Bxf3 14. Bxf3 Be5 15. Bd4 Qd6 16. Qc3 Re8 17. Bg2 Rac8 18. Qa3 Bxd4 19. Nxd4 a5 20. Rfb1 axb4 21. Rxb4 Qe5 22. Qb2 b6 23. e3 c5 24. Nf3 Qxb2 25. Rxb2 Ra8 26. Rc1 Ra3 27. d4 Rea8 28. Ne5 Rxa2 29. Rxa2 Rxa2 30. Nxd7 Nxd7 31. Bxd5 Rd2 32. Bc6 cxd4 33. Bxd7 dxe3 34. Bg4 Rxf2 35. Re1 g6 36. Rxe3 Rf6 37. Bf3 Rd6 38. Kf2 Kg7 39. Ke2 Kf6 40. Re4 Re6 41. Kd3 Rxe4 42. Kxe4 Ke6 43. Be2 f5+ 44. Kd4 g5 45. Bc4+ Kf6 46. Kd5 h5 47. Be2 h4 48. Bc4 hxg3 49. hxg3 g4 50. Kd4 f4 51. gxf4 g3 52. Bd5 Kf5 53. Ke3 Kg4 54. Be6+ Kh4 55. Kf3 b5 56. f5 1-0

[Event "JUG-chT2"]
[Site "Tivat"]
[Date "1995.??.??"]
[Round "10"]
[White "Sambolec, Zarko"]
[Black "Vojinovic, Goran"]
[Result "1/2-1/2"]
[WhiteElo "2245"]
[BlackElo "2440"]
[PlyCount "87"]
[EventDate "1995.??.??"]
[Source "www.chesslib.no"]
[SourceDate "2004.05.04"]

1. Nf3 Nf6 2. g3 d5 3. b3 c6 4. c4 Bg4 5. Bg2 Nbd7 6. O-O e6 7. d3 Bd6 8. Bb2 O-O 9. Nbd2 Re8 10. e4 dxe4 11. dxe4 e5 12. Qc2 Bc5 13. h3 Bh5 14. a3 a5 15. Bc3 Bg6 16. b4 Bf8 17. Nh4 Nh5 18. Nxg6 hxg6 19. c5 b6 20. cxb6 axb4 21. axb4 Qxb6 22. Nc4 Qb5 23. Na3 Qb8 24. Rfb1 Rc8 25. Bf1 Rc7 26. Nc4 Rxa1 27. Rxa1 Bxb4 28. Bxe5 Nxe5 29. Nxe5 Bd6 30. Nxc6 Qb7 31. Ra6 Kh7 32. Kg2 Nf6 33. Qa4 Qb2 34. e5 Bxe5 35. Qh4+ Nh5 36. Bd3 Rxc6 37. Rxc6 Kh6 38. g4 Bf6 39. Rxf6 Qxf6 40. Qxf6 Nxf6 41. Bc4 g5 42. Bxf7 g6 43. f3 Kg7 44. Bc4 1/2-1/2

[Event "Esbjerg-B"]
[Site "Esbjerg"]
[Date "1982.??.??"]
[Round "2"]
[White "Knudsen, Per"]
[Black "Brinck Claussen, Bjorn"]
[Result "0-1"]
[WhiteElo "2305"]
[BlackElo "2380"]
[PlyCount "81"]
[EventDate "1982.??.??"]
[Source "www.chesslib.no"]
[SourceDate "2004.05.04"]

1. Nf3 Nf6 2. c4 c6 3. b3 d5 4. g3 Bg4 5. Ba3 Bxf3 6. exf3 g6 7. Bb2 Bg7 8. Bg2 Nh5 9. Qc2 O-O 10. f4 Na6 11. Bxg7 Nxg7 12. d3 e6 13. Qc3 b5 14. O-O Qb6 15. Nd2 Nf5 16. Nf3 bxc4 17. dxc4 Rad8 18. Rad1 Nc5 19. Nd4 Ne4 20. Bxe4 dxe4 21. c5 Qa6 22. Nxf5 exf5 23. Rd6 Qxa2 24. Ra1 Qe2 25. Rxa7 Rxd6 26. cxd6 Qd1+ 27. Kg2 Qxd6 28. Ra5 Rb8 29. Rc5 Rxb3 30. Rxc6 Rxc3 31. Rxd6 Kf8 32. h4 Rc2 33. Kf1 Rc7 34. Ke2 Kg7 35. Rd8 Kh6 36. Rh8 Ra7 37. Re8 Kh5 38. Kf1 Kg4 39. Kg2 Ra2 40. Re7 Re2 41. Re8 0-1

[Event "IND-chB"]
[Site "?"]
[Date "2000.10.20"]
[Round "10"]
[White "Koshy Varugeese"]
[Black "Sareen Vishal"]
[Result "1/2-1/2"]
[WhiteElo "2381"]
[BlackElo "2303"]
[PlyCount "22"]
[EventDate "2000.??.??"]
[Source "www.chesslib.no"]
[SourceDate "2004.05.04"]

1. c4 Nf6 2. g3 c6 3. Nf3 d5 4. b3 Bg4 5. Ne5 Bf5 6. Bb2 e6 7. Bg2 Nbd7 8. Nxd7 Qxd7 9. O-O Be7 10. d3 O-O 11. Nd2 Rfd8 1/2-1/2

[Event "BL2-SW 9091"]
[Site "GER"]
[Date "1991.??.??"]
[Round "?"]
[White "Reschke, Stefan"]
[Black "Zude, Arno"]
[Result "1/2-1/2"]
[WhiteElo "2295"]
[BlackElo "2385"]
[PlyCount "83"]
[EventDate "1990.10.??"]
[Source "www.chesslib.no"]
[SourceDate "2004.05.04"]

1. Nf3 Nf6 2. c4 c6 3. g3 d5 4. b3 Bg4 5. Bg2 e6 6. O-O Nbd7 7. Bb2 Bd6 8. d3 O-O 9. Qc2 e5 10. Nh4 Re8 11. e4 dxe4 12. dxe4 a5 13. Nc3 Nc5 14. h3 Bh5 15. Nf5 Bf8 16. g4 Bg6 17. Rad1 Qb6 18. Ba3 Re6 19. Qc1 Ne8 20. Bxc5 Qxc5 21. Na4 Qb4 22. c5 Nc7 23. Rfe1 Na6 24. Bf1 Bxf5 25. exf5 Ree8 26. Bc4 Nxc5 27. a3 Nxb3 28. axb4 Nxc1 29. Nb6 Rad8 30. bxa5 Ba3 31. Rxc1 Bxc1 32. Rxc1 Rd6 33. a6 bxa6 34. Ra1 g6 35. fxg6 hxg6 36. Rxa6 Rf6 37. Nd7 Rd6 38. Nc5 Re7 39. Kg2 Kg7 40. g5 e4 41. h4 Rd2 42. Kf1 1/2-1/2

[Event "Cannes"]
[Site "?"]
[Date "2000.08.04"]
[Round "7.8"]
[White "Spiridonov Nikola"]
[Black "Spielmann Alain"]
[Result "1/2-1/2"]
[WhiteElo "2400"]
[BlackElo "2275"]
[PlyCount "146"]
[EventDate "2000.??.??"]
[Source "www.chesslib.no"]
[SourceDate "2004.05.04"]

1. c4 Nf6 2. g3 c6 3. Nf3 d5 4. b3 Bg4 5. Bg2 e6 6. O-O Nbd7 7. d3 Bd6 8. Nbd2 O-O 9. h3 Bxf3 10. Nxf3 a5 11. a3 b5 12. Bb2 Qb6 13. Qc2 Rab8 14. Bd4 Bc5 15. Bxc5 Qxc5 16. Rfc1 bxc4 17. bxc4 Rfc8 18. Ra2 Ne8 19. e3 Nd6 20. Nd2 Qa7 21. Qc3 h6 22. Rac2 Rb7 23. Bf1 Rcb8 24. cxd5 cxd5 25. Qc6 Qb6 26. Qa4 Qb5 27. Qf4 Ne8 28. Rc8 Rxc8 29. Rxc8 Rb8 30. Qc7 Kf8 31. d4 Rxc8 32. Qxc8 Qa4 33. Nf3 Ke7 34. Qb7 Qxa3 35. Ne5 Qd6 36. Bb5 Qc7 37. Nc6+ Kd6 38. Qa6 Qb6 39. Qxa5 Qxa5 40. Nxa5 Nc7 41. Nb7+ Ke7 42. Be2 Ne8 43. f3 Nd6 44. Na5 f5 45. Kf2 Kf6 46. Nc6 g5 47. g4 e5 48. dxe5+ Nxe5 49. Nb4 fxg4 50. hxg4 Ke6 51. Bd1 Ndc4 52. Ke2 Kd6 53. Ba4 Na5 54. Be8 Kc5 55. Na6+ Kb6 56. Nb4 Kc5 57. Nc2 Nac6 58. Bxc6 Nxc6 59. Ne1 Kc4 60. Nd3 Kc3 61. Nf2 Ne5 62. f4 gxf4 63. exf4 Nf7 64. Ke3 Nd6 65. Nd1+ Kc2 66. Nf2 Kc3 67. Nd3 d4+ 68. Ke2 Ne4 69. Ne5 Nf6 70. g5 hxg5 71. fxg5 Ne8 72. g6 d3+ 73. Nxd3 Kd4 1/2-1/2

[Event "Staatsliga B"]
[Site "Kraig"]
[Date "2003.11.08"]
[Round "1.2"]
[White "Hebesberger, Thomas"]
[Black "Bawart, Markus"]
[Result "1-0"]
[WhiteElo "2322"]
[BlackElo "2346"]
[PlyCount "39"]
[EventDate "2003.11.08"]
[Source "Roberto Alvarez"]
[SourceDate "2003.11.24"]

1. c4 Nf6 2. g3 c6 3. Nf3 d5 4. b3 Bg4 5. Ne5 dxc4 6. Nxc4 e5 7. Bg2 Bc5 8. Bb2 Bd4 9. Qc1 O-O 10. h3 Bf5 11. O-O Re8 12. d3 Na6 13. Nbd2 Qd7 14. Kh2 Re6 15. Nf3 Rae8 16. e4 Bxb2 17. Qxb2 Bxh3 18. Bxh3 Ng4+ 19. Kg2 Rh6 20. Rh1 1-0

[Event "Hammerfest"]
[Site "?"]
[Date "2001.09.30"]
[Round "6"]
[White "Krylov Stanislav (RUS)"]
[Black "Feoktistov Alexey (RUS)"]
[Result "1/2-1/2"]
[WhiteElo "2289"]
[BlackElo "2377"]
[PlyCount "51"]
[EventDate "2001.??.??"]
[Source "www.chesslib.no"]
[SourceDate "2004.05.04"]

1. c4 Nf6 2. g3 c6 3. Nf3 d5 4. b3 Bg4 5. Bb2 Bxf3 6. exf3 d4 7. f4 e6 8. Bg2 a5 9. O-O Na6 10. d3 Be7 11. Nd2 O-O 12. Nf3 c5 13. Ne5 Qc7 14. Bc1 Nd7 15. Qe2 g6 16. Bd2 Nab8 17. Qe4 Ra7 18. a4 Bf6 19. Rfe1 Bg7 20. h4 Nf6 21. Qe2 Na6 22. Bf3 h5 23. Bg2 Nb4 24. Bxb4 axb4 25. Bh3 Ra6 26. Nf3 1/2-1/2

[Event "Balaguer op-6"]
[Site "Balaguer, Lleida"]
[Date "2001.07.18"]
[Round "3"]
[White "Sande, JA."]
[Black "Velicka, Petr"]
[Result "0-1"]
[WhiteElo "2194"]
[BlackElo "2472"]
[PlyCount "128"]
[EventDate "2001.07.16"]
[Source "www.chesslib.no"]
[SourceDate "2004.05.04"]

1. c4 Nf6 2. g3 c6 3. Nf3 d5 4. b3 Bg4 5. Bg2 Nbd7 6. Bb2 e6 7. O-O Bd6 8. d3 O-O 9. Nbd2 a5 10. a3 Qe7 11. Qc2 Bh5 12. Rfc1 Rfe8 13. e3 h6 14. e4 dxe4 15. Nxe4 Nxe4 16. dxe4 Bxf3 17. Bxf3 Be5 18. Rd1 Bxb2 19. Qxb2 Red8 20. Qc3 e5 21. b4 axb4 22. axb4 Rxa1 23. Qxa1 Qxb4 24. Bg4 Qe7 25. Qa5 Kf8 26. Qc7 Ke8 27. Bxd7+ Rxd7 28. Rxd7 Qxd7 29. Qxe5+ Kf8 30. Qb8+ Ke7 31. Qe5+ Qe6 32. Qxg7 Qxc4 33. Qxh6 b5 34. Qg5+ Kd7 35. Qf5+ Kc7 36. Qe5+ Kb7 37. h4 b4 38. h5 Ka6 39. Kg2 Qc1 40. Qf5 b3 41. Qc8+ Kb5 42. Qb7+ Ka4 43. Qa6+ Kb4 44. Qb6+ Ka3 45. Qa7+ Kb2 46. Qd4+ Ka2 47. h6 Qxh6 48. Qa4+ Kb2 49. Qd4+ Kb1 50. f4 Qf8 51. Qd1+ Ka2 52. Qe2+ Ka3 53. Qa6+ Kb2 54. Qe2+ Kc3 55. Qe3+ Kc4 56. Qe2+ Kb4 57. Qd2+ Ka4 58. Qd4+ Qb4 59. Qa7+ Kb5 60. Qb7+ Kc5 61. Qe7+ Kc4 62. Qxf7+ Kd3 63. Qd7+ Qd4 64. Qxc6 Qxe4+ 0-1

[Event "Ch Iceland"]
[Site "Reykjavik ISL"]
[Date "1973.??.??"]
[Round "4"]
[White "Thorvadsson Jonas"]
[Black "Thorbergsson, Freysteinn"]
[Result "1/2-1/2"]
[WhiteElo "2325"]
[BlackElo "2340"]
[PlyCount "160"]
[EventDate "1973.??.??"]
[Source "www.chesslib.no"]
[SourceDate "2004.05.04"]

1. Nf3 d5 2. c4 c6 3. b3 Nf6 4. g3 Bg4 5. Bg2 e6 6. Bb2 Qb6 7. Qc2 Bf5 8. d3 Bc5 9. O-O Ng4 10. e4 dxe4 11. dxe4 Bxf2+ 12. Rxf2 Bxe4 13. c5 Bxc2 14. cxb6 Nxf2 15. Kxf2 Bxb1 16. Rxb1 axb6 17. a4 O-O 18. Rd1 Na6 19. Ba3 Rfd8 20. Rxd8+ Rxd8 21. Ke2 Nc5 22. Nd2 f5 23. a5 Nd7 24. Nc4 bxa5 25. Nxa5 Ra8 26. Bb4 Nf6 27. Nxb7 Nd5 28. Bd2 Rb8 29. Nc5 Kf7 30. Nd7 Rxb3 31. Ne5+ Ke8 32. Nxc6 Rb2 33. Bxd5 exd5 34. Nb4 d4 35. Nc6 d3+ 36. Kxd3 Rb1 37. Nd4 Rh1 38. h4 g6 39. Nf3 Rb1 40. Kc4 Rb7 41. Ne5 Ke7 42. Bf4 Ke6 43. Nc6 Rd7 44. Nd4+ Kf6 45. Kc5 Ra7 46. Nc6 Ra3 47. Kd5 Rd3+ 48. Nd4 Ra3 49. Be5+ Kf7 50. Bf4 Kf6 51. Be5+ Kf7 52. Bf4 Ra5+ 53. Kd6 Ra6+ 54. Nc6 Ra3 55. Nd8+ Kg8 56. Ke6 Ra6+ 57. Ke7 Ra7+ 58. Kf6 Rd7 59. Nc6 Rf7+ 60. Ke6 Rb7 61. Ne7+ Kg7 62. Be5+ Kf8 63. Bd6 Kg7 64. Nd5 Ra7 65. Nc7 Rb7 66. Ne8+ Kg8 67. Nf6+ Kg7 68. Nd7 Ra7 69. Ke7 Kh6 70. Bc5 Rb7 71. Ke8 g5 72. Be3 f4 73. hxg5+ Kxg5 74. Bxf4+ Kf5 75. Ke7 h5 76. Bd6 Ra7 77. Bb8 Rb7 78. Bd6 Rb3 79. Nf6 Re3+ 80. Kf7 Re6 1/2-1/2

[Event "US-op"]
[Site "Concord"]
[Date "1995.??.??"]
[Round "12"]
[White "Perelshteyn, Mikhail"]
[Black "Koepcke, Richard"]
[Result "1/2-1/2"]
[WhiteElo "2380"]
[BlackElo "2280"]
[PlyCount "76"]
[EventDate "1995.??.??"]
[Source "www.chesslib.no"]
[SourceDate "2004.05.04"]

1. Nf3 Nf6 2. c4 c6 3. g3 d5 4. b3 Bg4 5. Bg2 Nbd7 6. Bb2 e6 7. O-O Be7 8. d3 O-O 9. Nbd2 b5 10. h3 Bxf3 11. Nxf3 bxc4 12. dxc4 a5 13. Nd2 a4 14. e4 Nc5 15. exd5 cxd5 16. Qe2 axb3 17. axb3 Rxa1 18. Rxa1 dxc4 19. bxc4 Qb6 20. Bd4 Rd8 21. Qe3 Qd6 22. Bxc5 Qxc5 23. Qxc5 Bxc5 24. Nb3 Bf8 25. Kf1 Rb8 26. Na5 Nd7 27. Ra2 g6 28. Ke2 Nc5 29. Nc6 Rb1 30. f4 Rc1 31. Ne5 Bd6 32. Ng4 Rxc4 33. Nf6+ Kf8 34. Ra8+ Ke7 35. Ng8+ Kd7 36. Nf6+ Ke7 37. Ng8+ Kd7 38. Nf6+ Ke7 1/2-1/2

[Event "Open Mediterranean 2013"]
[Site "Fiume CRO"]
[Date "2007.11.28"]
[Round "5.16"]
[White "Golubovic, Boris"]
[Black "Plenca, Julijan"]
[Result "1-0"]
[WhiteElo "2437"]
[BlackElo "2221"]
[PlyCount "73"]
[EventDate "2007.11.25"]
[Source "www.chesslib.no"]
[SourceDate "2004.05.04"]

1. c4 Nf6 2. g3 c6 3. Nf3 d5 4. b3 Bg4 5. Bg2 Nbd7 6. Bb2 e6 7. O-O Bd6 8. d3 O-O 9. Nbd2 e5 10. h3 Bh5 11. Qc2 Re8 12. e4 dxe4 13. dxe4 Qe7 14. a3 a5 15. Nh4 Bg6 16. Rfe1 Bc5 17. Ndf3 Qd8 18. Bc3 Qb6 19. Nxg6 hxg6 20. Qb2 Rad8 21. Rad1 Nf8 22. Rxd8 Rxd8 23. b4 axb4 24. axb4 Bd4 25. c5 Bxc3 26. Qxc3 Qb5 27. Nxe5 Ne6 28. Bf1 Qa4 29. Bc4 Ng5 30. h4 Ngxe4 31. Bxf7+ Kh8 32. Qb3 Qxb3 33. Bxb3 Rd2 34. Nf7+ Kh7 35. Ng5+ Nxg5 36. hxg5 Ng4 37. Re4 1-0

[Event "Independence Cup op"]
[Site "?"]
[Date "2001.08.13"]
[Round "?"]
[White "Oglobilia Alexander"]
[Black "Berezin Oleg"]
[Result "0-1"]
[WhiteElo "2233"]
[BlackElo "2416"]
[PlyCount "84"]
[EventDate "2001.??.??"]
[Source "www.chesslib.no"]
[SourceDate "2004.05.04"]

1. Nf3 d5 2. c4 c6 3. g3 Nf6 4. b3 Bg4 5. Bg2 e6 6. O-O a5 7. a3 Bd6 8. Bb2 O-O 9. d3 Nbd7 10. Nbd2 Re8 11. h3 Bh5 12. Qc2 e5 13. e4 dxe4 14. Nxe4 Nxe4 15. dxe4 Bxf3 16. Bxf3 Qe7 17. Bg4 Nf6 18. Qe2 Bc5 19. h4 Red8 20. Bh3 Bd4 21. Rfb1 Bxb2 22. Rxb2 Rd4 23. f3 Qc5 24. Kh2 Rad8 25. Qf2 g6 26. Bf1 Qd6 27. b4 Rxe4 28. bxa5 Rd4 29. Kg1 e4 30. Be2 e3 31. Qe1 Rd2 32. Rb3 Qe5 33. Rab1 Nh5 34. f4 Qe4 35. Bf1 e2 36. Bg2 Qd4+ 37. Kh2 Nf6 38. Rxb7 Ng4+ 39. Kh3 Nf2+ 40. Kh2 Qe3 41. Rb8 Kg7 42. a6 R8d3 0-1